[Event "Kragero Resort Chess A 2018"]
[Site "Kragero"]
[Date "2018.02.24"]
[Round "6"]
[White "Skjolingstad, Sverre"]
[Black "Tryggestad, Andreas Garberg"]
[Result "0-1"]
[WhiteElo "1749"]
[BlackElo "2241"]
[Annotator "TA"]
[PlyCount "84"]
[EventDate "2018.??.??"]
[EventType "swiss"]
[EventCountry "NOR"]
[SourceTitle "playchess.com"]
[Source "ChessBase"]
[SourceQuality "1"]

{[%evp 14,84,19,25,81,-6,-4,-17,34,25,23,0,9,-11,0,-42,3,-28,-22,-62,-22,-35,-18,-75,-79,-68,-66,-80,-75,-85,-88,-100,-92,-150,-129,-245,-248,-249,-185,-352,-333,-344,-342,-311,-306,-314,-248,-305,-285,-286,-285,-285,-283,-512,-515,-666,-646,-610,-591,-979,-879,-834,-727,-1767,-1933,-1795,-1708,-1755,-1661,-1586,-1583,-1115,-706]} 1. e4 c5 2. Nf3 e6 3. d4 cxd4 4. Nxd4 a6 5. c4 Nf6 6. Nc3 Bb4 7. Bd3 Nc6 8. Be3 {LiveBook: 12 Games} Qa5 {B41: Sicilian: Kan Variation: 5 c4} (8... Ne5 $11) (8... Qc7 9. Rc1 b6 10. O-O Nxd4 11. Bxd4 Bc5 12. Be2 Bb7 13. Qd3 Bxd4 14. Qxd4 Qc5 15. Qd3 Bc6 16. a3 {1-0 (42) Dominguez Perez,L (2719)-Polgar,J (2680) Moscow 2009}) 9. Qc2 (9. Rc1 $16) 9... Ng4 $146 ({Predecessor:} 9... Ne5 10. f3 d6 11. O-O Bxc3 12. bxc3 Qc7 13. Qe2 Nfd7 14. Nb3 b6 15. a4 a5 16. f4 Nxd3 17. Qxd3 {0-1 (38) Makk,N (2022)-Ladanyi,Z (2141) Hungary 2015}) 10. Nxc6 Bxc3+ ({Better is} 10... Nxe3 $11 11. Nxa5 Nxc2+ 12. Bxc2 Bxa5) 11. bxc3 $14 dxc6 12. Bf4 e5 13. Bg3 (13. Bd2 {is interesting.} O-O 14. O-O h6 15. h3 Nf6 16. Be3) 13... Be6 14. O-O O-O 15. h3 Nf6 16. Kh1 Nd7 17. Rab1 Rfd8 18. f4 (18. f3 $11) 18... exf4 $17 19. Bxf4 Nc5 20. Be2 b5 21. Be3 bxc4 22. Bxc5 Qxc5 23. Rb7 ({White should play} 23. Qc1) 23... Rab8 24. Rfb1 (24. Rxb8 $17 Rxb8 25. Rd1) 24... Rxb7 $19 25. Rxb7 h6 26. Qb2 $2 {[#]} (26. Qc1) 26... Qe3 27. Rb8 Rxb8 28. Qxb8+ Kh7 29. Qb2 g6 30. Bf3 {[#]} Bxh3 $1 {[%mdl 512]} 31. Qe2 (31. gxh3 Qxf3+) 31... Qxe2 ({And not} 31... Qxc3 32. gxh3 Qc1+ 33. Qd1 $11) 32. Bxe2 {[%mdl 4096] Endgame KB-KB} Be6 33. Kg1 $2 (33. Kh2) 33... Kg7 {Black is clearly winning.} 34. Kf2 Kf6 35. Ke3 Ke5 36. g4 c5 37. Bf3 f6 38. a3 Bd7 39. Be2 a5 40. Bd1 Bc8 41. Be2 Bb7 42. Bf3 Bc6 {Precision: White = 18%, Black = 60%.} 0-1

[Event "Kragero Resort Chess A 2018"]
[Site "Kragero"]
[Date "2018.02.25"]
[Round "8"]
[White "Chatalbashev, Boris"]
[Black "Hammer, Jon Ludvig"]
[Result "1/2-1/2"]
[WhiteElo "2571"]
[BlackElo "2622"]
[Annotator "TA"]
[PlyCount "37"]
[EventDate "2018.??.??"]
[EventType "swiss"]
[EventCountry "NOR"]
[SourceTitle "playchess.com"]
[Source "ChessBase"]
[SourceQuality "1"]

{[%evp 13,37,0,0,-1,0,0,0,-20,0,0,6,0,0,-14,-20,-9,-19,-5,0,0,0,0,0,0,12,10]} 1. Nf3 d5 2. g3 g6 3. Bg2 Bg7 4. O-O e5 5. d3 Ne7 6. e4 O-O 7. exd5 Nxd5 {The position is equal.} 8. Nc3 {A07: Réti Opening: New York and Capablanca Systems} Nxc3 9. bxc3 Nc6 10. Rb1 Rb8 11. Re1 Bg4 $146 ({Predecessor:} 11... b6 12. Nd2 Bb7 13. h4 Ne7 14. Bxb7 Rxb7 15. c4 Qd7 16. Qf3 Rbb8 17. Bb2 {0-1 (62) Caruana,F (2795)-So,W (2773) Saint Louis 2016}) 12. h3 Be6 13. a4 b6 14. a5 Qd7 15. axb6 Rxb6 16. Rxb6 cxb6 17. Ng5 Bd5 18. Ne4 f5 19. c4 1/2-1/2

[Event "Kragero Resort Chess A 2018"]
[Site "Kragero"]
[Date "2018.02.25"]
[Round "8"]
[White "Kveinys, Aloyzas"]
[Black "Thorfinnsson, Bragi"]
[Result "1/2-1/2"]
[WhiteElo "2550"]
[BlackElo "2426"]
[Annotator "TA"]
[PlyCount "85"]
[EventDate "2018.??.??"]
[EventType "swiss"]
[EventCountry "NOR"]
[SourceTitle "playchess.com"]
[Source "ChessBase"]
[SourceQuality "1"]

{[%evp 21,85,16,30,7,11,18,34,8,12,0,11,0,0,0,0,0,0,0,0,0,0,-29,0,0,0,-16,-18,-8,0,0,0,-8,-8,-63,0,0,0,0,0,0,0,0,0,0,0,0,0,0,0,2,2,0,0,0,0,0,2,0,0,0,0,0,0,0,0,0]} 1. d4 d5 2. c4 c6 3. Nc3 Nf6 4. e3 g6 5. Nf3 Bg7 6. Bd3 O-O 7. O-O Bg4 8. h3 Bxf3 9. Qxf3 e6 10. Rd1 Nbd7 11. Qe2 Re8 {LiveBook: 36 Games} 12. Rb1 {D94: Grünfeld: 4 Nf3 Bg7 5 e3} (12. Bd2 a6 13. Be1 Qe7 14. Rac1 Rac8 15. a3 h5 16. Rc2 dxc4 17. Bxc4 b5 18. Ba2 c5 19. dxc5 Rxc5 {½-½ (31) Zhou,W (2635)-Ma,Q (2613) China 2016}) 12... a6 13. b3 $146 ({Predecessor:} 13. Bd2 dxc4 14. Bxc4 c5 15. d5 exd5 16. Nxd5 b5 17. Bc3 Ra7 18. Nxf6+ Bxf6 19. Bd5 Qe7 {0-1 (53) Dejkalo,S (2410)-Laketic,G (2385) Prague 1989}) 13... b5 14. Bd2 {White is slightly better.} (14. Bb2 {seems wilder.} Qb8 15. Rbc1 Qb7 16. f4 bxc4 17. bxc4 c5 18. Na4) 14... e5 15. dxe5 dxc4 16. Bxg6 hxg6 17. exf6 Qxf6 18. bxc4 Nb6 19. cxb5 axb5 20. Be1 Qe6 21. Rdc1 Ra3 22. Qf3 Nc4 23. Rb3 Ne5 24. Qd1 Raa8 25. Qc2 Qc4 26. Ne2 Red8 {With the idea ...Nd3.} 27. Bb4 (27. Kf1 $11) 27... Nd3 (27... c5 $1 $15 28. Bxc5 Rac8 29. Qxc4 bxc4) 28. Qxc4 $11 {The position is equal.} bxc4 29. Rxc4 Nxb4 30. Rbxb4 {Nc1 is the strong threat.} Rxa2 31. Nc3 Bxc3 $1 32. Rxc3 {[%mdl 4096] Endgame KRR-KRR} Rd1+ 33. Kh2 Rxf2 34. Rxc6 Rdd2 35. Rg4 Kg7 36. Rc7 Rde2 37. Rg3 Re1 38. Rc3 Ree2 39. h4 Rf5 40. Kh3 Rf1 41. Rc5 Rh1+ 42. Kg4 Rf2 43. Rc8 {Precision: White = 58%, Black = 76%.} 1/2-1/2

[Event "Kragero Resort Chess A 2018"]
[Site "Kragero"]
[Date "2018.02.25"]
[Round "8"]
[White "Hillarp Persson, Tiger"]
[Black "Kantane, Anna"]
[Result "1-0"]
[WhiteElo "2543"]
[BlackElo "2254"]
[Annotator "TA"]
[PlyCount "87"]
[EventDate "2018.??.??"]
[EventType "swiss"]
[EventCountry "NOR"]
[SourceTitle "playchess.com"]
[Source "ChessBase"]
[SourceQuality "1"]

{[%evp 9,87,15,28,18,37,26,22,16,17,22,29,34,36,32,39,25,50,43,60,0,69,16,39,29,22,15,65,67,84,87,101,101,101,101,100,105,102,99,181,105,108,106,109,87,134,134,132,133,150,125,207,207,206,195,201,192,254,253,269,260,287,250,350,241,350,350,350,350,350,343,403,395,393,394,390,339,325,0,402,394]} 1. c4 e5 2. g3 Nc6 3. Nc3 Bc5 4. Bg2 d6 5. e3 a6 6. Nf3 {A25: English Opening vs King's Indian with ...Nc6 but without early d3} Ba7 7. O-O Nf6 8. d4 {The position is equal.} O-O 9. dxe5 dxe5 10. Qxd8 Rxd8 11. b3 h6 12. h3 Bf5 13. Ba3 e4 14. Nh2 {[#]} (14. Nh4 $14 Bh7 15. g4) 14... h5 $146 {[#]} (14... Re8 $11) ({Predecessor:} 14... Rd3 15. Rfc1 Re8 {½-½ (34) Seirawan,Y (2636)-Shabalov,A (2590) Saint Louis 2011}) 15. Rfd1 (15. g4 $1 $14 {[%mdl 512]} hxg4 16. hxg4) 15... Bb6 16. Nf1 Re8 17. Bb2 Ne5 18. Nd5 Nxd5 19. Rxd5 f6 20. Bxe5 $1 fxe5 21. Rdd1 Ba5 22. a3 Bc3 23. Ra2 c5 {[#]} (23... c6 $16) 24. Rc2 (24. g4 $1 $18 {[%cal Rg4f5][%mdl 512]} hxg4 25. Ng3 gxh3 26. Nxf5 hxg2 27. Ng3) 24... Ba5 $16 25. Rd5 b6 26. Nd2 Rad8 27. Nxe4 Rxd5 28. cxd5 Rd8 29. Rc1 Bxe4 (29... Kf8 $16) 30. Bxe4 {[%mdl 4096] Endgame KRB-KRB} Kf7 31. Rc4 Rd6 32. Bf3 g6 (32... Ke7 {was called for.} 33. Bxh5 Bd2) 33. Kf1 $18 Kf6 34. Ke2 Kf7 35. Bg2 Rd7 36. h4 Rd6 (36... b5 $142) 37. Ra4 Bc3 {intending ...b5.} 38. Rxa6 Ba5 39. Be4 Kf6 40. Ra7 Rd8 41. Rc7 Rd6 42. Rc8 Kf7 43. Rc7+ Kf6 44. f3 {Precision: White = 79%, Black = 32%.} 1-0

[Event "Kragero Resort Chess A 2018"]
[Site "Kragero"]
[Date "2018.02.25"]
[Round "8"]
[White "Christiansen, Johan-Sebastian"]
[Black "Lie, Kjetil A"]
[Result "0-1"]
[WhiteElo "2498"]
[BlackElo "2523"]
[Annotator "TA"]
[PlyCount "138"]
[EventDate "2018.??.??"]
[EventType "swiss"]
[EventCountry "NOR"]
[SourceTitle "playchess.com"]
[Source "ChessBase"]
[SourceQuality "1"]

{[%evp 22,138,35,30,77,83,87,95,85,64,74,64,82,84,90,81,81,59,58,26,76,54,58,0,79,39,96,100,83,85,84,84,77,66,83,0,98,72,73,71,75,33,44,62,58,58,68,75,38,55,55,-279,-264,-434,-434,-420,-418,-358,-271,-263,-258,-314,-243,-317,-307,-434,-443,-416,-417,-546,-581,-717,-703,-702,-714,-1018,-1000,-827,-995,-1058,-1052,-970,-665,-625,-502,-543,-461,-683,-680,-861,-795,-512,-555,-12835,-12833,-12836,-12835,-12833,0,-994,-838,-1620,-1372,-12829,-10145,-12840,-5142,-29982,-29983,-29983,-29984,-29983,-29985,-29983,-29984,-29987,-29987,-29983,-29983]} 1. Nf3 d6 2. d4 g6 3. g3 Bg7 4. Bg2 Nf6 5. c4 O-O 6. O-O Nbd7 7. Nc3 e5 8. b3 Re8 9. e4 exd4 10. Nxd4 Nc5 11. f3 a5 12. Be3 {LiveBook: 7 Games. E68: King's Indian: Fianchetto: 6...Nbd7 7 0-0 e5 8 e4} Bd7 (12... Nfd7 13. Qc2 f5 14. Rad1 fxe4 15. fxe4 c6 16. h3 Qe7 17. Kh2 Ne5 18. Qd2 Ne6 19. Nde2 a4 {½-½ (36) Mamedyarov,S (2799)-Demchenko,A (2660) Riadh 2017}) 13. Qd2 {[#]} a4 $146 ({Predecessor:} 13... h5 14. Rad1 Qc8 15. Ndb5 Bc6 16. Rfe1 b6 17. Qc2 Bd7 18. a3 Na6 {1-0 (30) Ju,W (2583)-Maze,S (2613) Caleta 2017}) 14. b4 {White is better.} Ne6 15. Rac1 Nxd4 16. Bxd4 c6 17. Rfd1 Be6 18. Bf1 Qe7 19. Kg2 a3 20. Be3 Red8 21. Bg5 Qf8 22. Be3 ({White should play} 22. Ne2 $14) 22... h6 (22... Qe7 $11 {remains equal.}) 23. Ne2 Kh7 (23... g5 $14) 24. Nf4 $16 Qe7 25. Bb6 Rd7 26. Bd3 h5 27. Be3 Rdd8 28. Bb6 (28. Nxe6 $16 Qxe6 29. Bg5) 28... Re8 (28... Rd7 $1 $11) 29. Bb1 Bf8 30. Bd4 Nd7 {[%cal Bf6d7,Bd7e5,Be5c4][%mdl 32]} 31. c5 {And now Ba1 would win.} dxc5 32. bxc5 Bh6 33. Be3 Ne5 34. Nxe6 Bxe3 35. Qxe3 Qxe6 36. Rd6 $2 {[%mdl 8192]} (36. f4 $14 Ng4 37. Qf3) 36... Nc4 $19 37. Qd3 $2 (37. Rxe6 Nxe3+ 38. Kf2 Ng4+ 39. fxg4 Rxe6 40. gxh5) 37... Nxd6 38. cxd6 Red8 39. Rd1 b5 40. f4 {[%cal Bf3f4,Bf4f5][%mdl 32]} b4 41. f5 Qe5 42. Bc2 Ra7 43. Bb3 (43. fxg6+ {might work better.} fxg6 44. Qd4 Qxd4 45. Rxd4) 43... Rad7 {[%cal Rd7d6]} 44. Qc4 Qf6 45. fxg6+ fxg6 46. Rf1 Qxd6 47. Kh3 c5 48. Rf4 Rf8 49. e5 Qe7 50. e6 Rxf4 51. Qxf4 {[%mdl 4096] Endgame KQR-KQB} Rc7 52. Bc4 Qg7 53. Kg2 Re7 54. Qd6 (54. Qg5 $142 Rb7 55. Bd3) 54... Qb2+ 55. Kh3 Qf6 56. Kg2 {[#]} Rf7 $1 {[%mdl 512] ( -> ...Qf3+)} 57. Qxc5 (57. exf7 Qxd6) 57... Qf3+ 58. Kg1 Qd1+ 59. Kg2 Qf3+ (59... Qd2+ $142 60. Kg1 Rf5 61. Qa7+ Kh6) 60. Kg1 Qf5 61. Qd4 Rc7 62. e7 Rxe7 63. Bd3 Qe5 (63... Qf3 $142 64. Qxb4 Rd7) 64. Qd8 {[#]} b3 $1 {Black mates.} 65. Bc4 (65. axb3 a2) 65... b2 66. Qg8+ Kh6 67. Qf8+ Qg7 68. Qf4+ Kh7 69. Bd3 {[#]} b1=Q+ $1 {Precision: White = 32%, Black = 70%.} 0-1

[Event "Kragero Resort Chess A 2018"]
[Site "Kragero"]
[Date "2018.02.25"]
[Round "8"]
[White "Lie, Espen"]
[Black "Kaasen, Tor Fredrik"]
[Result "1-0"]
[WhiteElo "2473"]
[BlackElo "2335"]
[Annotator "TA"]
[PlyCount "95"]
[EventDate "2018.??.??"]
[EventType "swiss"]
[EventCountry "NOR"]
[SourceTitle "playchess.com"]
[Source "ChessBase"]
[SourceQuality "1"]

{[%evp 24,95,8,0,20,18,59,18,41,22,35,29,54,43,64,0,0,4,0,1,2,0,0,10,17,17,25,24,27,26,125,131,142,93,80,0,0,-4,6,6,8,14,36,29,129,101,116,129,140,120,360,249,249,248,241,222,893,831,5218,5197,29992,29993,29993,29994,29994,29995,29995,29996,29996,29997,29997,29998,29998,29999]} 1. Nf3 Nf6 2. g3 b6 3. Bg2 Bb7 4. O-O e6 5. c4 Be7 6. b3 O-O 7. Bb2 d5 8. e3 c5 9. Qe2 Nc6 10. Rd1 Qc7 11. Nc3 dxc4 {A14: English Opening: 1...e6 with b3 by White} 12. bxc4 Rfd8 (12... a6 13. Ne1 Na7 14. g4 Bxg2 15. Nxg2 Ne8 16. Ne4 Nd6 17. Ng3 b5 18. Nh5 f6 19. cxb5 axb5 20. g5 Ne8 21. gxf6 Nxf6 {½-½ (45) Supi,L (2553)-Fier,A (2544) Rio de Janeiro 2018}) 13. d3 {[%cal Bd2d3,Bd3d4][%mdl 32] LiveBook: 26 Games} Rd7 {The position is equal.} 14. Nb5 $146 ({Predecessor:} 14. Rd2 Rad8 15. Rad1 Qb8 16. h3 e5 17. Nh4 {1-0 (32) Jacobsen,B-Van Herck,M Ostend 1975}) 14... Qb8 15. Rab1 (15. d4 $5 {[%cal Rf3e5]}) 15... a6 16. Nc3 {White wants to play Na4.} Qc7 17. Ba1 Rb8 18. d4 Na5 19. Ne5 ({White should play} 19. d5 $1 $14) 19... Rdd8 $1 $11 20. Bxb7 Rxb7 21. Na4 Nc6 22. Nf3 cxd4 23. exd4 Na5 24. Ne5 Nd7 25. Nxd7 ({Avoid the trap} 25. Nxf7 $2 Kxf7 26. c5 (26. d5 $2 e5 $19) 26... bxc5 $17) 25... Rxd7 26. c5 b5 (26... bxc5 $11 27. Nxc5 Rxb1 28. Rxb1 Rd8) 27. Nb6 $16 Rd8 28. a4 bxa4 29. Qxa6 (29. Nxa4 $16 Rxb1 30. Rxb1) 29... Ra7 $11 30. Qb5 Nb3 31. Nxa4 Nxa1 32. Rxa1 Rda8 {[#] ...Ra5 is the strong threat.} 33. Ra2 (33. Rdb1 {seems wilder.} g6 34. Rb4 Ra5 35. Qc4 Qc6 36. Qb3) 33... Bf6 (33... h5 $11 {remains equal.}) 34. Nc3 $16 Rxa2 35. Nxa2 Rd8 36. Nb4 g6 $2 (36... Rc8 $16 {is a better defense.} 37. c6 Be7) 37. d5 {[%cal Bd4d5,Bd5e6][%mdl 32] [#] Black must now prevent d6.} Rb8 38. Qc4 Rc8 39. c6 {Threatens to win with d6.} Be7 $2 (39... Qd6 40. Na6 exd5) 40. dxe6 $18 {Hoping for Rd7.} Bxb4 41. Rd7 Qb6 42. exf7+ {White mates.} Kf8 43. Qf4 {[%cal Rf4h6]} Be7 44. Qh6+ Kxf7 45. Qxh7+ Kf6 46. Qxe7+ Kf5 47. Rd5+ Kg4 48. Qe4+ {Precision: White = 67%, Black = 35%.} 1-0

[Event "Kragero Resort Chess A 2018"]
[Site "Kragero"]
[Date "2018.02.25"]
[Round "8"]
[White "Notkevich, Benjamin Arvola"]
[Black "Kantans, Toms"]
[Result "1/2-1/2"]
[WhiteElo "2446"]
[BlackElo "2487"]
[Annotator "TA"]
[PlyCount "97"]
[EventDate "2018.??.??"]
[EventType "swiss"]
[EventCountry "NOR"]
[SourceTitle "playchess.com"]
[Source "ChessBase"]
[SourceQuality "1"]

{[%evp 14,97,18,21,21,17,17,27,29,22,27,24,29,6,1,-6,-12,-20,24,0,0,-13,-6,-13,-8,-17,-24,-37,-14,-16,-24,-20,0,0,0,-7,0,0,0,0,0,-9,0,0,0,0,0,0,91,0,0,0,0,0,0,0,0,0,0,0,0,0,0,-8,-8,-8,0,-16,8,8,8,8,8,8,11,8,8,8,8,8,8,0,0,0,0,0]} 1. d4 Nf6 2. c4 g6 3. Nc3 d5 4. cxd5 Nxd5 5. Bd2 Nb6 6. e3 Bg7 7. Nf3 O-O 8. Rc1 c6 {D90: Grünfeld: 4 Nf3 Bg7 sidelines} (8... N8d7 9. a4 a5 10. Ne4 e5 11. Bc3 Nd5 12. Bc4 Nxc3 13. bxc3 Qe7 14. d5 Nc5 15. Nxc5 Qxc5 16. Qb3 {1-0 (54) Fedoseev,V (2724)-Bora,S (2370) chess.com INT 2018}) 9. Be2 N8d7 10. e4 e5 $146 {White has an edge.} ({Predecessor:} 10... Nf6 11. O-O Bg4 12. Be3 Nfd7 13. h3 Be6 14. Qc2 Bc4 15. Rfd1 Bxe2 16. Qxe2 {1-0 (41) Bronstein,L (2385)-Chavez Chavez,R Sao Paulo 1977}) 11. Bg5 Bf6 12. Bxf6 Qxf6 13. d5 Rd8 14. a4 {[#] a5 is the strong threat.} a5 15. Qb3 Qd6 16. O-O cxd5 17. exd5 Nc5 18. Qa3 $1 Bd7 19. Rfd1 Rac8 {[%cal Rb6a4]} 20. h3 Bxa4 21. Nxa4 Nbxa4 22. Rc2 Nb6 23. Rdc1 {[%cal Rc2c5]} Ne4 24. Rxc8 Rxc8 25. Rxc8+ Nxc8 26. Qxa5 Kg7 27. Qb5 Ne7 28. Qxb7 Nc5 29. Qa7 Nxd5 30. Bc4 Ne6 (30... Nd7 $1 $11 {keeps the balance.}) 31. Qa5 (31. Qa3 $16 Qxa3 32. bxa3) 31... Nec7 $11 {The position is equal.} 32. Ng5 h6 (32... Qb6 {looks sharper.} 33. Qd2 Qc6 34. b3 Nf4 35. Nf3 Nce6) 33. Ne4 Qb4 34. Qxb4 Nxb4 {[%mdl 4096] Endgame KBN-KNN} 35. Kf1 f5 36. Nc5 e4 37. Ke2 Kf6 38. f3 Ke5 39. fxe4 fxe4 40. Bf7 g5 41. Bg6 Kd4 42. Nxe4 Nd3 {[#] Hoping for ...Nf4+.} 43. g3 {Strongly threatening Nxg5.} Nd5 44. Nxg5 N3f4+ 45. gxf4 Nxf4+ 46. Kf3 hxg5 47. h4 {Threatens to win with h5.} Nxg6 48. hxg5 Kc4 49. Ke4 {Precision: White = 49%, Black = 82%.} 1/2-1/2

[Event "Kragero Resort Chess A 2018"]
[Site "Kragero"]
[Date "2018.02.25"]
[Round "8"]
[White "Houska, Jovanka"]
[Black "Risting, Eivind Olav"]
[Result "1-0"]
[WhiteElo "2408"]
[BlackElo "2308"]
[Annotator "ChessBase"]
[PlyCount "55"]
[EventDate "2018.??.??"]
[EventType "swiss"]
[EventCountry "NOR"]
[SourceTitle "playchess.com"]
[Source "ChessBase"]
[SourceQuality "1"]
[TimeControl "5400+30"]

1. d4 {[%emt 0:00:00]} e6 {[%emt 0:02:09]} 2. c4 {[%emt 0:00:00]} b6 {[%emt 0:00:49]} 3. a3 {[%emt 0:00:36]} Bb7 {[%emt 0:00:21]} 4. Nc3 {[%emt 0:00:05]} Nf6 {[%emt 0:00:59]} 5. d5 {[%emt 0:00:36]} exd5 {[%emt 0:24:45]} 6. cxd5 {[%emt 0:00:08]} Bd6 {[%emt 0:01:03]} 7. e4 {[%emt 0:06:52]} Qe7 {[%emt 0:02:57]} 8. Bg5 {[%emt 0:04:45]} Be5 {[%emt 0:04:27]} 9. Rc1 {[%emt 0:03:33]} O-O {[%emt 0:01:16]} 10. Bd3 {[%emt 0:10:13]} c6 {[%emt 0:14:15]} 11. Nge2 {[%emt 0:03:32]} Na6 {[%emt 0:14:00]} 12. b4 {[%emt 0:01:49]} Nc7 {[%emt 0:01:36]} 13. f4 {[%emt 0:03:28]} Bxc3+ {[%emt 0:02:15]} 14. Rxc3 {[%emt 0:00:05]} h6 {[%emt 0:01:49]} 15. Bh4 {[%emt 0:02:40]} g5 {[%emt 0:02:44]} 16. fxg5 {[%emt 0:01:33]} Nxe4 {[%emt 0:00:35]} 17. Rc4 {[%emt 0:01:05]} Nd6 {[%emt 0:08:09]} 18. gxh6 {[%emt 0:01:56]} f6 {[%emt 0:01:04]} 19. Rg4+ {[%emt 0:04:00]} Kh8 {[%emt 0:00:06]} 20. O-O {[%emt 0:01:46]} Nxd5 {[%emt 0:00:34]} 21. Nf4 {[%emt 0:00:40]} Nxf4 {[%emt 0:01:27]} 22. Rgxf4 {[%emt 0:00:05]} c5 {[%emt 0:02:49]} 23. Bxf6+ {[%emt 0:04:15]} Rxf6 {[%emt 0:00:08]} 24. Rxf6 {[%emt 0:00:03]} Rg8 {[%emt 0:01:35]} 25. R6f2 {[%emt 0:14:12]} Qe5 {[%emt 0:04:11]} 26. h7 {[%emt 0:00:43]} Rxg2+ {[%emt 0:00:43]} 27. Rxg2 {[%emt 0:00:04]} Qe3+ {[%emt 0:00:10]} 28. Rff2 {[%emt 0:00:14]} 1-0

[Event "Kragero Resort Chess A 2018"]
[Site "Kragero"]
[Date "2018.02.25"]
[Round "8"]
[White "Sagafos, Magne"]
[Black "Tryggestad, Andreas Garberg"]
[Result "1/2-1/2"]
[WhiteElo "2384"]
[BlackElo "2241"]
[Annotator "NA"]
[PlyCount "117"]
[EventDate "2018.??.??"]
[EventType "swiss"]
[EventCountry "NOR"]
[SourceTitle "playchess.com"]
[Source "ChessBase"]
[SourceQuality "1"]
[TimeControl "5400+30"]

1. e4 {[%emt 0:00:00]} c5 {[%emt 0:10:22]} 2. Nf3 {[%emt 0:00:00]} e6 {[%emt 0:00:06]} 3. Nc3 {[%emt 0:00:02]} Nc6 {[%emt 0:00:04]} 4. Bb5 {[%emt 0:00:05]} Nd4 {[%emt 0:00:03]} 5. O-O {[%emt 0:01:07] LiveBook: 309 Games} a6 {[%emt 0:01:19]} 6. Bd3 {[%emt 0:00:06]} Nxf3+ {[%emt 0:07:32]} 7. Qxf3 {[%emt 0:00:11]} b5 $146 {[%emt 0:00:32] B30: Sizilianisch (Rossolimo-Variante)} ({Black should try} 7... Qc7 $11) ({Vorgänger:} 7... Bd6 8. Be2 Qc7 9. Qh3 Ne7 10. d3 Ng6 11. g3 h5 12. f4 h4 13. Qg2 hxg3 14. hxg3 Be7 15. Be3 {1-0 (50) Alekseenko,K (2590)-Krasenkow,M (2671) Stockholm 2018}) 8. b3 {[%emt 0:13:08]} Bb7 {[%emt 0:00:41]} 9. Qg3 {[%emt 0:04:48]} Nf6 {[%emt 0:02:50]} 10. Re1 {[%emt 0:09:31]} (10. e5 $5 {[%cal Re5f6]} Nh5 11. Qg4 $14) 10... Nh5 {[%emt 0:06:30]} 11. Qe3 {[%emt 0:13:27]} Be7 {[%emt 0:01:36]} 12. Be2 {[%emt 0:04:40]} Nf6 {[%emt 0:00:43]} 13. Bf3 {[%emt 0:03:28]} d5 {[%emt 0:03:00]} 14. exd5 {[%emt 0:01:33]} Nxd5 {[%emt 0:00:17]} 15. Bxd5 {[%emt 0:10:14]} Bxd5 {[%emt 0:00:14]} 16. Qe5 {[%emt 0:03:19]} Bb7 {[%emt 0:05:07]} 17. Bb2 {[%emt 0:04:06]} Bf6 {[%emt 0:04:39]} 18. Qxc5 {[%emt 0:02:48]} Qxd2 $2 {[%emt 0:01:53] [#]} (18... Rc8 $17 {bleibt auf Kurs.} 19. Qe3 O-O) 19. Ne4 {[%emt 0:04:59]} (19. Rad1 $1 $16 {[%cal Rd1d2]} Qxc2 20. Qc7 (20. Qd6 $2 Rd8 $17) 20... Qxb2 21. Qd7+ Kf8 22. Qxb7) 19... Bxe4 $1 {[%emt 0:01:50]} 20. Bxf6 {[%emt 0:00:10]} gxf6 {[%emt 0:00:35]} 21. Rxe4 {[%emt 0:00:13]} Rd8 {[%emt 0:01:06]} 22. Qc6+ {[%emt 0:01:53]} Qd7 {[%emt 0:00:08]} 23. Qxa6 {[%emt 0:00:33]} Qd5 {[%emt 0:02:08]} 24. Rae1 {[%emt 0:07:13]} f5 {[%emt 0:01:39] [#]} (24... Ra8 $16 {was necessary.} 25. Qb6 O-O) 25. R4e3 $1 {[%emt 0:05:27]} O-O {[%emt 0:04:50]} 26. a4 {[%emt 0:01:08]} b4 {[%emt 0:07:15]} 27. Qe2 {[%emt 0:00:55]} Kh8 {[%emt 0:03:35]} 28. Rd3 {[%emt 0:01:02]} Qc5 {[%emt 0:00:19]} 29. h4 {[%emt 0:01:39]} Rc8 {[%emt 0:02:06]} 30. Rd2 {[%emt 0:00:47]} Kg8 {[%emt 0:19:45]} 31. Qh5 {[%emt 0:00:10]} Qc3 {[%emt 0:01:28]} 32. Re3 {[%emt 0:00:47]} Qa1+ {[%emt 0:01:49]} 33. Kh2 {[%emt 0:01:44]} Kh8 {[%emt 0:00:41]} 34. Qh6 {[%emt 0:00:47]} Rg8 {[%emt 0:01:04]} 35. h5 {[%emt 0:01:11]} Rg7 {[%emt 0:00:57]} 36. g3 {[%emt 0:01:33]} Rcg8 {[%emt 0:02:21]} 37. Red3 {[%emt 0:00:14]} f4 {[%emt 0:01:09]} 38. Qxf4 {[%emt 0:02:28]} Rg4 {[%emt 0:00:03]} 39. Rd1 {[%emt 0:00:21]} Rxf4 {[%emt 0:00:14]} 40. Rxa1 {[%emt 0:00:05]} Rxf2+ {[%emt 0:00:04]} 41. Kh3 $16 {[%emt 0:00:52]} Rxc2 {[%emt 0:00:02]} 42. Rf1 {[%emt 0:01:14]} f5 {[%emt 0:04:48]} 43. Rf4 {[%emt 0:00:39]} Rg5 {[%emt 0:02:36]} 44. h6 {[%emt 0:00:39]} Kg8 {[%emt 0:01:19]} 45. Rxb4 {[%emt 0:00:21]} Kf7 {[%emt 0:00:00]} 46. Rh4 {[%emt 0:00:47]} e5 {[%emt 0:00:33]} 47. Rd7+ {[%emt 0:00:16]} Ke6 {[%emt 0:00:22]} 48. Rg7 {[%emt 0:00:21]} Kf6 {[%emt 0:00:29]} 49. Rxg5 Kxg5 50. a5 {[%emt 0:00:53]} e4 {[%emt 0:00:01]} 51. a6 {[%emt 0:00:58]} Ra2 {[%emt 0:00:01]} 52. g4 {[%emt 0:00:26]} f4 {[%emt 0:03:13]} 53. Rh5+ {[%emt 0:00:01]} Kg6 {[%emt 0:00:06]} 54. Rf5 {[%emt 0:00:30]} Rxa6 {[%emt 0:00:39]} 55. Rxf4 {[%emt 0:00:07]} Ra3 {[%emt 0:00:07]} 56. Kh4 {[%emt 0:01:01]} Rxb3 {[%emt 0:01:06]} 57. g5 {[%emt 0:00:31]} Rf3 {[%emt 0:00:07]} 58. Rxe4 {[%emt 0:00:12]} Rf4+ {[%emt 0:00:09]} 59. Rxf4 1/2-1/2